Proyecciones regionales de la población de Costa Rica /

Proyecciones regionales de la población costarricense hasta el año 2000. Estudia la población de Costa Rica y sus tendencias. Presenta dos series de proyecciones por región: la primera, proyecta la población por año 1973 hasta el 2000 la segunda, incluye la migración entre regiones. Inserta una expl...

সম্পূর্ণ বিবরণ

সংরক্ষণ করুন:
গ্রন্থ-পঞ্জীর বিবরন
প্রধান লেখক: Bogan Miller, Marcos W.
সংস্থা লেখক: Costa Rica. Presidencia de la República. Oficina de Planificación Nacional y Política Económica, IDESPO
অন্যান্য লেখক: Raabe Cercone, Carlos
বিন্যাস: পাঠ‍্য
প্রকাশিত: Heredia: IDESPO
বিষয়গুলি:
ট্যাগগুলো: ট্যাগ যুক্ত করুন
কোনো ট্যাগ নেই, প্রথমজন হিসাবে ট্যাগ করুন!

MARC

LEADER 00000 a a2200000 04500
001 19552
003
040
090 |a 011000  
100 |a Bogan Miller, Marcos W.  
110 |a Costa Rica. Presidencia de la República. Oficina de Planificación Nacional y Política Económica  
245 |a Proyecciones regionales de la población de Costa Rica /  |c Costa Rica. Presidencia de la República. Oficina de Planificación Nacional y Política Económica  
260 |a Heredia:   |b IDESPO  
300 |a 49 p  
520 |a Proyecciones regionales de la población costarricense hasta el año 2000. Estudia la población de Costa Rica y sus tendencias. Presenta dos series de proyecciones por región: la primera, proyecta la población por año 1973 hasta el 2000 la segunda, incluye la migración entre regiones. Inserta una explicación de los diferentes métodos de cambio de componentes de cohortes, uno de los cuales fue utilizado para el cálculo de dichas proyecciones. Contiene, mapas y cuadros de regiones, incluyendo la proyección constante (con o sin migración) en cada una de ellas. ALLV  
650 |a DINAMICA DE LA POBLACION  
650 |a CRECIMIENTO DEMOGRAFICO  
650 |a MIGRACION INTERNA  
700 |a Raabe Cercone, Carlos  
710 |a IDESPO  
999 |c 15161  |d 15161